000 00415nam a2200157Ia 4500
003 LK-CoDNM
008 010623t1916 xxu||||| |||| 00| 1 eng d
040 _aLK-CoDNM
_dLK-CoDNM
_eLK-CoDNM
041 _aeng
_aHindi
080 _a7 .4
100 _aRao,T.A.Gopinatha
245 _aElements of Hindu Iconography.Part II
260 _bThe Law Printing House
_aMadras
_c1916
300 _b597p.47pl, 24 cm
942 _cBK
999 _c88702
_d88702